000 01445cam a2200349 a 4500
001 EDZ0000076782
003 StDuBDS
005 20161031105146.0
006 m||||||||d||||||||
007 cr |||||||||||
008 120418s2001 enk fo| 001|0|eng d
020 _a9781446221228 (ebook) :
_cNo price
040 _aStDuBDS
_beng
_cStDuBDS
_epn
049 _aAlfaisal Main Library
050 0 _aHV8705
_b.M37 2001
082 0 4 _a365.0973
_223
245 0 0 _aMass imprisonment
_h[electronic resource] :
_bsocial causes and consequences /
_cedited by David Garland.
260 _aLondon :
_bSAGE,
_cc2001.
300 _a1 online resource (vii, 184 p.)
504 _aIncludes bibliographical references and index.
520 8 _a'Mass Imprisonment' examines what is known about the political and penological causes of the social phenomenon of the US prison system. David Garland brings together papers by criminologists sociologists and historians to describe the impact of prison.
521 _aSpecialized.
588 _aDescription based on print version record.
650 0 _aImprisonment
_zUnited States.
650 0 _aImprisonment
_xSocial aspects
_zUnited States.
655 7 _aElectronic books.
_2local
700 1 _aGarland, David.
710 2 _aSage eBooks
776 0 8 _iPrint version :
_z9780761973249
856 4 0 _uhttp://ezproxy.alfaisal.edu/login?url=http://sk.sagepub.com/books/mass-imprisonment
942 _2lcc
_cEBOOKS
999 _c480618
_d480618